Pripravme sa na storočie draka osem megatrendov ázijskej renesancie z pera Johna Naisbitta
Kniha Johna Naisbitta Megatrendy Ázie. Dominantná rola Ázie v ekonomike budúcnosti. Západ stratil nárok na morálne vodcovstvo. Rýchle kroky Ázie smerom k prosperite. Orientácia Ázijcov na rodinné hodnoty. Osem hlavných megatrendov, ktoré menia Áziu. (1. časť seriálu o ázijských megatrendoch. Pokračo...
Gespeichert in:
| 1. Verfasser: | |
|---|---|
| Format: | Buch |
| Sprache: | Slowakisch |
| Schlagworte: | |
| Tags: |
Keine Tags, Fügen Sie das erste Tag hinzu!
|
MARC
| LEADER | 00000nam a2200000 4500 | ||
|---|---|---|---|
| 001 | r030663 | ||
| 005 | 20230824094453.3 | ||
| 041 | 0 | |a slo | |
| 044 | |a SK | ||
| 245 | 1 | 0 | |a Pripravme sa na storočie draka |b osem megatrendov ázijskej renesancie z pera Johna Naisbitta |c Juraj Janoška |
| 520 | |a Kniha Johna Naisbitta Megatrendy Ázie. Dominantná rola Ázie v ekonomike budúcnosti. Západ stratil nárok na morálne vodcovstvo. Rýchle kroky Ázie smerom k prosperite. Orientácia Ázijcov na rodinné hodnoty. Osem hlavných megatrendov, ktoré menia Áziu. (1. časť seriálu o ázijských megatrendoch. Pokračovanie v nasledujúcom čísle). | ||
| 610 | 2 | 0 | |a Ázia |
| 610 | 2 | 0 | |a vývoj hospodársky |
| 610 | 2 | 0 | |a megatrendy |
| 610 | 2 | 0 | |a vývoj sociálny |
| 610 | 2 | 0 | |a zmeny štruktúrne |
| 610 | 2 | 0 | |a svet |
| 610 | 2 | 0 | |a Čína |
| 610 | 2 | 0 | |a Európa |
| 610 | 2 | 0 | |a USA |
| 610 | 2 | 0 | |a Naisbitt, J. |
| 100 | 1 | |a Janoška, Juraj | |